Los Nuevos regionalismos y la acción colectiva trasnacional /
Este articulo analiza la composición y las estrategias de acción de las redes transnacionales que se han creado en torno a los recientes procesos de integración comercial en America Latina. Revisando en particular las experiencias del Mercosur, el TLCAN yel ALCA, y examina en qué medida y de qué man...
Uloženo v:
| Hlavní autor: | |
|---|---|
| Médium: | Text |
| Témata: | |
| Tagy: |
Přidat tag
Žádné tagy, Buďte první, kdo vytvoří štítek k tomuto záznamu!
|
MARC
| LEADER | 00000 a a2200000 04500 | ||
|---|---|---|---|
| 001 | 12417 | ||
| 003 | |||
| 040 | |||
| 100 | |a Botto, Mercedes | ||
| 245 | |a Los Nuevos regionalismos y la acción colectiva trasnacional / |c Mercedes Botto | ||
| 500 | |a Resumen también en inglés | ||
| 520 | |a Este articulo analiza la composición y las estrategias de acción de las redes transnacionales que se han creado en torno a los recientes procesos de integración comercial en America Latina. Revisando en particular las experiencias del Mercosur, el TLCAN yel ALCA, y examina en qué medida y de qué manera estos procesos de apertura comercial redefinen las formas tradicionales de acción colectiva en el ámbito transnacional. La hipótesis expuesta se refiere a importantes cambios y a un proceso de aprendizaje creciente en relación con los organización y la democratización interna, que ha incrementado el protagonismo de estas redes en asuntos que antes fueron patrimonio exclusivo de los gobirnos y de un reducido número de empresas | ||
| 650 | |a COMERCIO INTERNACIONAL | ||
| 650 | |a PARTICIPACION SOCIAL | ||
| 650 | |a ORGANIZACIONES REGIONALES | ||
| 650 | |a SOCIEDAD CIVIL | ||
| 650 | |a EMPRESAS PRIVADAS | ||
| 650 | |a SECTOR PUBLICO | ||
| 773 | |g volumen 12, número 25; páginas 9-41 | ||
| 999 | |c 30615 |d 30615 | ||
